[Event "Rijeka Paris Memorial 38th"]
[Site "Rijeka"]
[Date "2017.11.08"]
[Round "6"]
[White "Beljan, Mladen"]
[Black "Levar, Nenad"]
[Result "0-1"]
[WhiteElo "1757"]
[BlackElo "2042"]
[PlyCount "76"]
[EventDate "2017.11.04"]
[EventType "swiss"]
[EventRounds "9"]
[EventCountry "CRO"]
[SourceTitle "CBM 181 Extra"]
[Source "ChessBase"]
[SourceDate "2017.12.12"]
[SourceVersion "1"]
[SourceVersionDate "2017.12.12"]
[SourceQuality "1"]

1. e4 e6 2. d4 d5 3. exd5 exd5 4. Nf3 Bd6 5. Be2 Ne7 6. 0-0 0-0 7. Bg5 f6 8. Bh4 Nf5 9. Bg3 Nxg3 10. fxg3 c6 11. c3 Qb6 12. Qc2 g6 13. Bd3 f5 14. Nbd2 Nd7 15. g4 fxg4 16. Nh4 Qd8 17. g3 Qg5 18. Ng2 Nf6 19. Nh4 Bd7 20. Rf2 Nh5 21. Raf1 Rxf2 22. Rxf2 Re8 23. Nf1 Re1 24. Qd2 Qxd2 25. Rxd2 Ng7 26. Ng2 Ra1 27. a3 Ne6 28. Kf2 Ng5 29. Nf4 Bf5 30. Bxf5 gxf5 31. Kg2 Bxf4 32. gxf4 Nh3 33. Rc2 Kf7 34. c4 dxc4 35. Rxc4 Ke6 36. Rc3 Nxf4+ 37. Kf2 Nd5 38. Rc2 Rxf1+ 0-1

[Event "Rijeka Paris Memorial 38th"]
[Site "Rijeka"]
[Date "2017.11.07"]
[Round "5"]
[White "Zezelj, Milan"]
[Black "Beljan, Mladen"]
[Result "1/2-1/2"]
[WhiteElo "1974"]
[BlackElo "1757"]
[PlyCount "36"]
[EventDate "2017.11.04"]
[EventType "swiss"]
[EventRounds "9"]
[EventCountry "CRO"]
[SourceTitle "CBM 181 Extra"]
[Source "ChessBase"]
[SourceDate "2017.12.12"]
[SourceVersion "1"]
[SourceVersionDate "2017.12.12"]
[SourceQuality "1"]

1. f4 d5 2. Nf3 Nc6 3. e3 Nf6 4. b3 e6 5. Bb2 Be7 6. Bb5 Bd7 7. Bxc6 Bxc6 8. 0-0 0-0 9. Ne5 Bb5 10. d3 Nd7 11. Nd2 f6 12. Nxd7 Qxd7 13. Nf3 c5 14. Qe2 Bc6 15. Rae1 b6 16. e4 dxe4 17. dxe4 Qb7 18. Qc4 Bd7 1/2-1/2

[Event "Opatija op 2nd"]
[Site "Opatija"]
[Date "2014.07.03"]
[Round "6"]
[White "Beljan, Mladen"]
[Black "Monjac, Mislav"]
[Result "0-1"]
[WhiteElo "1812"]
[BlackElo "2159"]
[PlyCount "62"]
[EventDate "2014.06.29"]
[EventType "swiss"]
[EventRounds "9"]
[EventCountry "CRO"]
[SourceTitle "CBM 161 Extra"]
[Source "ChessBase"]
[SourceDate "2014.08.29"]
[SourceVersion "1"]
[SourceVersionDate "2014.08.29"]
[SourceQuality "1"]

1. e4 c5 2. Nf3 d6 3. d4 cxd4 4. Nxd4 Nf6 5. Nc3 g6 6. Be2 Bg7 7. Be3 Nc6 8. 0-0 0-0 9. Nxc6 bxc6 10. f4 Qa5 11. Bf3 Rb8 12. Rb1 Nd7 13. Bd4 e5 14. Be3 Qc7 15. Qd2 exf4 16. Bxf4 Ne5 17. Be2 Be6 18. b3 Rfd8 19. Qe3 Qa5 20. Na4 c5 21. c4 Nxc4 22. Qg3 Ne5 23. Rbd1 c4 24. Bd2 Qc7 25. bxc4 Nxc4 26. Rc1 Qc6 27. Qa3 Qxe4 28. Bxc4 Bxc4 29. Rf3 Be2 30. Rb3 Bd4+ 31. Be3 Rxb3 0-1

[Event "Rijeka Liburnija op 05"]
[Site "Rijeka"]
[Date "2014.05.27"]
[Round "9"]
[White "Beljan, Mladen"]
[Black "Radikovic, Anamarija"]
[Result "1-0"]
[WhiteElo "1826"]
[BlackElo "1705"]
[PlyCount "73"]
[EventDate "2014.05.20"]
[EventType "swiss"]
[EventRounds "9"]
[EventCountry "CRO"]
[SourceTitle "CBM 160 Extra"]
[Source "ChessBase"]
[SourceDate "2014.07.01"]
[SourceVersion "1"]
[SourceVersionDate "2014.07.01"]
[SourceQuality "1"]

1. e4 d5 2. exd5 Nf6 3. d4 Nxd5 4. c4 Nf6 5. Nf3 Bg4 6. Be2 e6 7. 0-0 Nc6 8. Nc3 Bb4 9. Qb3 Bxc3 10. bxc3 Rb8 11. Ba3 Ne4 12. Rfd1 Nd6 13. h3 Bh5 14. g4 Bg6 15. d5 Ne7 16. dxe6 Nec8 17. c5 0-0 18. cxd6 cxd6 19. Ne5 Qh4 20. exf7+ Bxf7 21. Nxf7 Rxf7 22. Rf1 Qxh3 23. c4 Qh4 24. Qg3 Qe7 25. Rfe1 Qg5 26. Bf3 Nb6 27. Bxd6 Rd8 28. c5 Nc4 29. Be2 Nxd6 30. cxd6 Rdf8 31. Bc4 Qc5 32. Bxf7+ Rxf7 33. Re8+ Rf8 34. d7 Qd4 35. Rxf8+ Kxf8 36. Qf3+ Kg8 37. Rd1 1-0

[Event "Rijeka Liburnija op 05"]
[Site "Rijeka"]
[Date "2014.05.25"]
[Round "7"]
[White "Levar, Nenad"]
[Black "Beljan, Mladen"]
[Result "1-0"]
[WhiteElo "2100"]
[BlackElo "1826"]
[PlyCount "79"]
[EventDate "2014.05.20"]
[EventType "swiss"]
[EventRounds "9"]
[EventCountry "CRO"]
[SourceTitle "CBM 160 Extra"]
[Source "ChessBase"]
[SourceDate "2014.07.01"]
[SourceVersion "1"]
[SourceVersionDate "2014.07.01"]
[SourceQuality "1"]

1. e4 e5 2. Nf3 Nc6 3. Bb5 a6 4. Ba4 Nf6 5. 0-0 b5 6. Bb3 d6 7. Ng5 d5 8. exd5 Nd4 9. Re1 Bd6 10. f4 Bg4 11. Nf3 e4 12. d3 Nxf3+ 13. gxf3 Bxf3 14. Qxf3 0-0 15. dxe4 c5 16. c4 bxc4 17. Bxc4 Nd7 18. e5 Nb6 19. Bd3 c4 20. Bc2 Bb4 21. Nc3 Na4 22. Bd2 Nb6 23. Qe4 g6 24. Red1 Qh4 25. Be3 f5 26. Qg2 Nd7 27. Ba4 Nc5 28. Bxc5 Bxc5+ 29. Kh1 Qxf4 30. Qg3 Qh6 31. Bc6 Rab8 32. Na4 f4 33. Qf3 Rf5 34. Nxc5 Rxb2 35. h3 Rh5 36. Bd7 Rxe5 37. Re1 Qg5 38. Be6+ Kf8 39. Rxe5 Qe7 40. Qxf4+ 1-0

[Event "Rijeka Liburnija op"]
[Site "Rijeka"]
[Date "2014.01.19"]
[Round "4"]
[White "Beljan, Mladen"]
[Black "Jerkovic, Maroje"]
[Result "0-1"]
[WhiteElo "1834"]
[BlackElo "1969"]
[PlyCount "79"]
[EventDate "2014.01.17"]
[EventType "swiss"]
[EventRounds "9"]
[EventCountry "CRO"]
[SourceTitle "CBM 158 Extra"]
[Source "ChessBase"]
[SourceDate "2014.02.28"]
[SourceVersion "1"]
[SourceVersionDate "2014.02.28"]
[SourceQuality "1"]

1. d4 f5 2. c4 Nf6 3. Nc3 e6 4. g3 Be7 5. Bg2 0-0 6. Nf3 d5 7. 0-0 c6 8. c5 b6 9. cxb6 axb6 10. Ne5 Bb7 11. Qb3 Nbd7 12. Nd3 Ba6 13. Nf4 Bc4 14. Qc2 Kf7 15. b3 Ba6 16. h4 Rc8 17. Bh3 g6 18. Qd2 c5 19. Bb2 cxd4 20. Qxd4 e5 21. Qa4 Nc5 22. Qb4 exf4 23. Qxf4 Ne6 24. Qh6 Kg8 25. Rfd1 Bc5 26. e4 Qc7 27. Kg2 dxe4 28. Bxf5 gxf5 29. Nd5 Nxd5 30. Qxe6+ Qf7 31. Qxd5 Qxd5 32. Rxd5 Rcd8 33. Rad1 Bd3 34. Rxd8 Rxd8 35. a3 Rc8 36. Rc1 Rc7 37. Be5 Re7 38. Bf6 Re6 39. Bg5 Bxa3 40. Be3 0-1

[Event "Mediterranean op 6th"]
[Site "Rijeka"]
[Date "2013.12.05"]
[Round "7"]
[White "Starc, Enej"]
[Black "Beljan, Mladen"]
[Result "1-0"]
[WhiteElo "1817"]
[BlackElo "1827"]
[PlyCount "115"]
[EventDate "2013.11.30"]
[EventType "swiss"]
[EventRounds "9"]
[EventCountry "CRO"]
[SourceTitle "CBM 157 Extra"]
[Source "ChessBase"]
[SourceDate "2013.12.19"]
[SourceVersion "1"]
[SourceVersionDate "2013.12.19"]
[SourceQuality "1"]

1. d4 Nf6 2. Nf3 e6 3. Bg5 Be7 4. Nbd2 d5 5. e3 h6 6. Bh4 0-0 7. Bd3 Nbd7 8. 0-0 b6 9. Ne5 Bb7 10. Nxd7 Nxd7 11. Bxe7 Qxe7 12. f4 f5 13. Nf3 a5 14. Qe2 g5 15. h3 Rf7 16. Ne5 Nxe5 17. fxe5 Bc6 18. Qh5 Kg7 19. g4 Be8 20. gxf5 Rxf5 21. Qg4 Bg6 22. Bxf5 Bxf5 23. Qg2 Rf8 24. Qf3 h5 25. Rf2 g4 26. hxg4 hxg4 27. Qg3 c5 28. Rh2 Qg5 29. Rf1 cxd4 30. exd4 Rh8 31. Qf4 Rh5 32. Rxh5 Qxh5 33. Rf2 Qh4 34. Qh2 Qg5 35. Qf4 Qh4 36. c3 Kg6 37. Qh2 Qg5 38. Rf4 a4 39. Kf2 b5 40. Kg3 Qd8 41. Qh4 Qg5 42. Qh8 Qh5 43. Qf6+ Kh7 44. Qh4 Kg6 45. Rf2 Qg5 46. Qxg5+ Kxg5 47. Rh2 Bd3 48. Rh8 Bf5 49. Rb8 Bd3 50. Rb6 Kf5 51. Rb8 Kg5 52. Rg8+ Bg6 53. Rg7 Kh5 54. Re7 Bf5 55. Kf4 Kh4 56. Re8 Kh3 57. Rg8 Bb1 58. Rxg4 1-0

[Event "Mediterranean op 6th"]
[Site "Rijeka"]
[Date "2013.12.04"]
[Round "6"]
[White "Beljan, Mladen"]
[Black "Zrilic, Bozo"]
[Result "1/2-1/2"]
[WhiteElo "1827"]
[BlackElo "1957"]
[PlyCount "20"]
[EventDate "2013.11.30"]
[EventType "swiss"]
[EventRounds "9"]
[EventCountry "CRO"]
[SourceTitle "CBM 157 Extra"]
[Source "ChessBase"]
[SourceDate "2013.12.19"]
[SourceVersion "1"]
[SourceVersionDate "2013.12.19"]
[SourceQuality "1"]

1. e4 c5 2. Nf3 d6 3. d4 cxd4 4. Nxd4 Nf6 5. Nc3 a6 6. Bg5 e6 7. Qd2 Be7 8. 0-0-0 Qc7 9. f3 Nbd7 10. h4 b5 1/2-1/2

[Event "Mediterranean op 6th"]
[Site "Rijeka"]
[Date "2013.12.03"]
[Round "5"]
[White "Klasan, Elvis"]
[Black "Beljan, Mladen"]
[Result "0-1"]
[WhiteElo "2011"]
[BlackElo "1827"]
[PlyCount "84"]
[EventDate "2013.11.30"]
[EventType "swiss"]
[EventRounds "9"]
[EventCountry "CRO"]
[SourceTitle "CBM 157 Extra"]
[Source "ChessBase"]
[SourceDate "2013.12.19"]
[SourceVersion "1"]
[SourceVersionDate "2013.12.19"]
[SourceQuality "1"]

1. e4 c5 2. Nf3 Nc6 3. c3 Qc7 4. Be2 Nf6 5. d3 g6 6. 0-0 Bg7 7. Be3 d6 8. h3 0-0 9. Nh2 b5 10. Nd2 Bb7 11. f4 Bh6 12. g4 Bg7 13. g5 Nd7 14. Qc2 b4 15. Nb3 bxc3 16. bxc3 a5 17. a4 Ba6 18. Rf2 Rab8 19. Raf1 Qb7 20. Bd1 c4 21. Nc1 cxd3 22. Nxd3 Rbc8 23. Bf3 Nd4 24. e5 Nxf3+ 25. Nxf3 dxe5 26. fxe5 Bxd3 27. Qxd3 Nxe5 28. Nxe5 Bxe5 29. Rb1 Qc6 30. Bd4 Rcd8 31. Rb5 Bxd4 32. cxd4 Rd5 33. Rc2 Qe6 34. Rxd5 Qxd5 35. Rc5 Qd8 36. Qd2 Qd7 37. Qxa5 Qxd4+ 38. Kg2 Rb8 39. Qc7 Rb2+ 40. Kg3 Re2 41. Qc8+ Kg7 42. Rc4 Re3+ 0-1

[Event "Mediterranean op 6th"]
[Site "Rijeka"]
[Date "2013.12.01"]
[Round "2"]
[White "Beljan, Mladen"]
[Black "Dasic, Jelena"]
[Result "1-0"]
[WhiteElo "1827"]
[BlackElo "1597"]
[PlyCount "97"]
[EventDate "2013.11.30"]
[EventType "swiss"]
[EventRounds "9"]
[EventCountry "CRO"]
[SourceTitle "CBM 157 Extra"]
[Source "ChessBase"]
[SourceDate "2013.12.19"]
[SourceVersion "1"]
[SourceVersionDate "2013.12.19"]
[SourceQuality "1"]

1. e4 e6 2. d4 d5 3. Nd2 Nf6 4. e5 Nfd7 5. f4 c5 6. Ngf3 Nc6 7. c3 Be7 8. Nb3 0-0 9. Be2 b6 10. 0-0 a5 11. a4 Ba6 12. Bb5 Bxb5 13. axb5 Na7 14. dxc5 Nxc5 15. Nbd4 Ne4 16. Be3 Bc5 17. Qd3 Qd7 18. c4 Rac8 19. Nb3 Bxe3+ 20. Qxe3 Rxc4 21. Qxb6 Qxb5 22. Qxb5 Nxb5 23. Nxa5 Rc2 24. b4 Rfc8 25. Nb7 Rb8 26. Rfc1 Rxc1+ 27. Rxc1 Nbc3 28. Ra1 Ne2+ 29. Kf1 Nxf4 30. g3 Nd3 31. b5 h6 32. Nd6 Kf8 33. Ra7 Nxd6 34. exd6 Ke8 35. Nd4 Nc5 36. Re7+ Kf8 37. Rc7 Ne4 38. d7 Nd6 39. Nc6 Ra8 40. d8Q+ Rxd8 41. Nxd8 Ke8 42. Nxf7 Nxb5 43. Rb7 Kf8 44. Nxh6 Nd6 45. Rb8+ Ke7 46. Ng4 Nf5 47. Rb6 Kf7 48. Kf2 Nd4 49. h4 1-0

[Event "Mediterranean op 6th"]
[Site "Rijeka"]
[Date "2013.12.01"]
[Round "3"]
[White "Monjac, Mislav"]
[Black "Beljan, Mladen"]
[Result "1-0"]
[WhiteElo "2158"]
[BlackElo "1827"]
[PlyCount "57"]
[EventDate "2013.11.30"]
[EventType "swiss"]
[EventRounds "9"]
[EventCountry "CRO"]
[SourceTitle "CBM 157 Extra"]
[Source "ChessBase"]
[SourceDate "2013.12.19"]
[SourceVersion "1"]
[SourceVersionDate "2013.12.19"]
[SourceQuality "1"]

1. e4 c5 2. Nf3 Nc6 3. Bb5 e5 4. 0-0 Nge7 5. c3 a6 6. Ba4 Ng6 7. d4 b5 8. Bc2 Be7 9. d5 Na5 10. d6 Bf6 11. Qd5 Nb7 12. Be3 c4 13. a4 Qa5 14. Nbd2 Rb8 15. axb5 Qxb5 16. Nxc4 Nd8 17. Ra5 Qxd5 18. exd5 Rb5 19. Rfa1 Bb7 20. Rxb5 axb5 21. Nb6 Nf4 22. Be4 g5 23. g3 Nh3+ 24. Kg2 g4 25. Bf5 h5 26. Bxd7+ Kf8 27. Nd2 Kg7 28. Ne4 Ne6 29. Bxe6 1-0

[Event "Rijeka Liburnija op"]
[Site "Rijeka"]
[Date "2012.12.07"]
[Round "9"]
[White "Zrilic, Bozo"]
[Black "Beljan, Mladen"]
[Result "1/2-1/2"]
[WhiteElo "2011"]
[BlackElo "1810"]
[PlyCount "137"]
[EventDate "2012.11.30"]
[EventType "swiss"]
[EventRounds "9"]
[EventCountry "CRO"]
[SourceTitle "CBM 151 Extra"]
[Source "ChessBase"]
[SourceDate "2012.12.18"]
[SourceVersion "1"]
[SourceVersionDate "2012.12.18"]
[SourceQuality "1"]

1. Nf3 Nc6 2. c4 Nf6 3. Nc3 e5 4. d3 d6 5. g3 Be7 6. Bg2 0-0 7. 0-0 Bd7 8. h3 Qc8 9. Kh2 Nh5 10. Ng1 f5 11. Nd5 Nf6 12. Nxe7+ Nxe7 13. b4 Ng6 14. a4 f4 15. Bd2 Nh5 16. g4 Nf6 17. Be1 Bxg4 18. hxg4 Nxg4+ 19. Kh1 Qf5 20. e4 Qh5+ 21. Bh3 f3 22. Bd2 Qh4 23. Qc1 Nxf2+ 24. Rxf2 Qxf2 25. Be3 Qh4 26. Qd1 f2 27. Qg4 Qxg4 28. Bxg4 f1Q 29. Rxf1 Rxf1 30. Kg2 Raf8 31. Bf5 Nh4+ 32. Kxf1 Nxf5 33. exf5 Rxf5+ 34. Ke2 b6 35. Nf3 h6 36. d4 exd4 37. Nxd4 Rf7 38. b5 g5 39. Nc6 Rf8 40. a5 bxa5 41. Nxa5 Ra8 42. Nc6 a5 43. Ne7+ Kf8 44. Nd5 Rc8 45. Kd3 Kg7 46. Bd4+ Kh7 47. Ne7 Rb8 48. Nd5 Rb7 49. Kc3 h5 50. Bf6 g4 51. Bd8 g3 52. Ne3 a4 53. Bh4 a3 54. Bxg3 Ra7 55. Nc2 a2 56. Kb2 Ra4 57. c5 dxc5 58. Bxc7 a1Q+ 59. Nxa1 Rb4+ 60. Kc3 Rxb5 61. Nb3 Rb7 62. Bd6 h4 63. Nxc5 Rb1 64. Nd3 Kg6 65. Kd2 Rh1 66. Ke2 Ra1 67. Kf3 Rd1 68. Ke2 Rg1 69. Nf2 1/2-1/2

[Event "Rijeka Liburnija op"]
[Site "Rijeka"]
[Date "2012.12.05"]
[Round "7"]
[White "Plenca, Jadranko"]
[Black "Beljan, Mladen"]
[Result "1/2-1/2"]
[WhiteElo "2072"]
[BlackElo "1810"]
[PlyCount "128"]
[EventDate "2012.11.30"]
[EventType "swiss"]
[EventRounds "9"]
[EventCountry "CRO"]
[SourceTitle "CBM 151 Extra"]
[Source "ChessBase"]
[SourceDate "2012.12.18"]
[SourceVersion "1"]
[SourceVersionDate "2012.12.18"]
[SourceQuality "1"]

1. e4 e5 2. Nf3 Nc6 3. Bc4 Bc5 4. c3 Nf6 5. d3 a6 6. 0-0 0-0 7. d4 exd4 8. cxd4 Bb6 9. e5 d5 10. exf6 dxc4 11. d5 Nb4 12. fxg7 Re8 13. Nc3 Bg4 14. Qa4 Bxf3 15. gxf3 Nd3 16. Qxc4 Nxf2 17. Rxf2 Re1+ 18. Kg2 Rxc1 19. Rxc1 Qg5+ 20. Qg4 Qxc1 21. Re2 Qg1+ 22. Kh3 Qxg4+ 23. Kxg4 Kxg7 24. Na4 Rd8 25. Nxb6 cxb6 26. Rd2 Kf6 27. Kf4 Re8 28. h4 b5 29. d6 h5 30. d7 Rd8 31. Rd6+ Ke7 32. Rd2 Kf6 33. b4 b6 34. a3 a5 35. Rd6+ Ke7 36. Rxb6 axb4 37. axb4 Rxd7 38. Rxb5 Rd4+ 39. Kg3 Kf6 40. Rxh5 Rxb4 41. Rg5 Rb1 42. Rg4 Rb5 43. Rg8 Rb1 44. Kg2 Rb2+ 45. Kh3 Rb1 46. Rg3 Kf5 47. Rg4 f6 48. Kg2 Rb2+ 49. Kg3 Rb1 50. h5 Rh1 51. Rh4 Rg1+ 52. Kf2 Rg7 53. f4 Rh7 54. Kf3 Ra7 55. h6 Rh7 56. Rh5+ Kg6 57. Kg4 Rxh6 58. Ra5 Rh1 59. f5+ Kh6 60. Ra6 Kg7 61. Ra7+ Kh6 62. Rf7 Rg1+ 63. Kh3 Rf1 64. Rxf6+ Kg5 1/2-1/2

[Event "Rijeka Liburnija op"]
[Site "Rijeka"]
[Date "2012.12.02"]
[Round "4"]
[White "Beljan, Mladen"]
[Black "Kvaternik, Sinisa"]
[Result "1/2-1/2"]
[WhiteElo "1810"]
[BlackElo "1952"]
[PlyCount "113"]
[EventDate "2012.11.30"]
[EventType "swiss"]
[EventRounds "9"]
[EventCountry "CRO"]
[SourceTitle "CBM 151 Extra"]
[Source "ChessBase"]
[SourceDate "2012.12.18"]
[SourceVersion "1"]
[SourceVersionDate "2012.12.18"]
[SourceQuality "1"]

1. e4 e5 2. Nf3 Nf6 3. Nxe5 d6 4. Nf3 Nxe4 5. d4 d5 6. Bd3 Nf6 7. 0-0 Be7 8. c4 Bg4 9. Nc3 0-0 10. c5 c6 11. Re1 Re8 12. Bg5 Nbd7 13. Bc2 b5 14. a3 a5 15. Qd3 g6 16. Qe3 Ne4 17. Bxe7 Qxe7 18. Qf4 Ndf6 19. Nh4 g5 20. Nf5 gxf4 21. Nxe7+ Rxe7 22. f3 Bf5 23. fxe4 dxe4 24. Ne2 Nd5 25. Nc3 Ne3 26. Bb1 Rd8 27. g3 Rxd4 28. gxf4 Nd5 29. Ne2 Rd2 30. Ng3 Bg4 31. Bxe4 h5 32. b4 axb4 33. axb4 Kg7 34. Bxd5 Rxe1+ 35. Rxe1 Rxd5 36. Re4 Rd2 37. Re5 f6 38. Re7+ Kf8 39. Rh7 Rd4 40. Nxh5 Bxh5 41. Rxh5 Rxb4 42. Rh8+ Ke7 43. Rh7+ Ke6 44. f5+ Kd5 45. Rf7 Kxc5 46. Rxf6 Rf4 47. Rf8 b4 48. Ra8 b3 49. Ra1 b2 50. Rb1 Rb4 51. f6 Kd6 52. f7 Ke7 53. f8Q+ Kxf8 54. Kf2 Ke7 55. Ke3 Kd6 56. Kd3 Rb3+ 57. Kc4 1/2-1/2

[Event "Mediterranean op 5th"]
[Site "Rijeka"]
[Date "2011.11.11"]
[Round "1"]
[White "Beljan, Mladen"]
[Black "Lazic, Miroljub"]
[Result "0-1"]
[WhiteElo "1799"]
[BlackElo "2459"]
[PlyCount "76"]
[EventDate "2011.11.11"]
[EventType "swiss"]
[EventRounds "9"]
[EventCountry "CRO"]
[SourceTitle "EXT 2012"]
[Source "ChessBase"]
[SourceDate "2011.11.24"]
[SourceVersion "1"]
[SourceVersionDate "2011.11.24"]
[SourceQuality "1"]

1. e4 d6 2. d4 Nf6 3. Nc3 e5 4. dxe5 dxe5 5. Qxd8+ Kxd8 6. a3 Bc5 7. Bg5 c6 8. Nf3 Nbd7 9. Bc4 Ke8 10. 0-0 h6 11. Bh4 Nh5 12. Rad1 f6 13. Rd2 g5 14. Bg3 Nb6 15. Be2 Nxg3 16. hxg3 Be6 17. Rfd1 a5 18. Nh2 h5 19. g4 h4 20. Kf1 Ke7 21. Ke1 Bd4 22. Kf1 Rhd8 23. Ke1 Rd7 24. Nf1 Rh8 25. Nh2 h3 26. g3 Rhd8 27. Kf1 Bxc3 28. Rxd7+ Rxd7 29. Rxd7+ Kxd7 30. bxc3 Na4 31. c4 Kd6 32. Nf3 Bxg4 33. Nh2 Bxe2+ 34. Kxe2 Nb2 35. Kf3 Nxc4 36. Kg4 Nxa3 37. Kxh3 Nxc2 38. Ng4 Ke6 0-1

[Event "Opatija Summer op"]
[Site "Opatija"]
[Date "2011.07.13"]
[Round "3"]
[White "Beljan, Mladen"]
[Black "Zrilic, Bozo"]
[Result "0-1"]
[WhiteElo "1800"]
[BlackElo "2015"]
[PlyCount "52"]
[EventDate "2011.07.11"]
[EventType "swiss"]
[EventRounds "7"]
[EventCountry "CRO"]
[SourceTitle "CBM 143 Extra"]
[Source "ChessBase"]
[SourceDate "2011.08.29"]
[SourceVersion "1"]
[SourceVersionDate "2011.08.29"]
[SourceQuality "1"]

1. e4 e6 2. d4 d5 3. Nc3 Nf6 4. Bg5 Be7 5. e5 Nfd7 6. Bxe7 Qxe7 7. Qg4 0-0 8. f4 a6 9. a3 c5 10. Qd1 cxd4 11. Qxd4 Nc6 12. Qd2 b5 13. Bd3 f6 14. exf6 Nxf6 15. Nf3 Qa7 16. Qf2 Qc7 17. Qg3 b4 18. axb4 Nxb4 19. 0-0 Nxd3 20. cxd3 Nh5 21. Qh4 Nxf4 22. Ng5 h6 23. Nh3 Nxh3+ 24. Qxh3 Bd7 25. Rxf8+ Rxf8 26. Rxa6 Qc5+ 0-1

[Event "Mediterranean op 3rd"]
[Site "Rijeka"]
[Date "2009.12.05"]
[Round "9"]
[White "Muskardin, Mario"]
[Black "Beljan, Mladen"]
[Result "1-0"]
[WhiteElo "2067"]
[BlackElo "1908"]
[PlyCount "33"]
[EventDate "2009.11.27"]
[EventType "swiss"]
[EventRounds "9"]
[EventCountry "CRO"]
[SourceTitle "CBM 133 Extra"]
[Source "ChessBase"]
[SourceDate "2010.01.05"]
[SourceVersion "1"]
[SourceVersionDate "2010.01.05"]
[SourceQuality "1"]

1. e4 e5 2. Nf3 Nc6 3. d4 exd4 4. Bc4 Be7 5. c3 d6 6. cxd4 Bg4 7. Qb3 Na5 8. Bxf7+ Kf8 9. Qc3 Kxf7 10. Qxa5 c6 11. Qc3 d5 12. Ne5+ Ke6 13. Nxg4 a5 14. 0-0 h5 15. Ne5 g5 16. Qh3+ g4 17. Nxg4 1-0

[Event "Mediterranean op 3rd"]
[Site "Rijeka"]
[Date "2009.11.30"]
[Round "4"]
[White "Beljan, Mladen"]
[Black "Noordhoek, Henk P"]
[Result "0-1"]
[WhiteElo "1908"]
[BlackElo "2087"]
[PlyCount "66"]
[EventDate "2009.11.27"]
[EventType "swiss"]
[EventRounds "9"]
[EventCountry "CRO"]
[SourceTitle "CBM 133 Extra"]
[Source "ChessBase"]
[SourceDate "2010.01.05"]
[SourceVersion "1"]
[SourceVersionDate "2010.01.05"]
[SourceQuality "1"]

1. e4 Nf6 2. Nc3 d5 3. exd5 Nxd5 4. d4 Nxc3 5. bxc3 g6 6. Bf4 Bg7 7. Nf3 c5 8. Bb5+ Bd7 9. Bxd7+ Nxd7 10. Qd3 0-0 11. 0-0 cxd4 12. cxd4 Rc8 13. Qb3 Qb6 14. c4 Qc6 15. Rab1 b6 16. Rfe1 e6 17. Rbc1 Rfe8 18. d5 exd5 19. Rxe8+ Rxe8 20. cxd5 Qf6 21. Bg5 Qf5 22. Qb5 h6 23. Be3 Nf6 24. Rd1 Rd8 25. Qc6 Rxd5 26. Qa8+ Kh7 27. Nd4 Qd7 28. Rc1 Ng4 29. h3 Nxe3 30. fxe3 Bxd4 31. exd4 Rxd4 32. Rf1 Rd1 33. Qf8 Qd4+ 0-1

[Event "Mediterranean op 2nd"]
[Site "Rijeka"]
[Date "2008.11.29"]
[Round "1"]
[White "Beljan, Mladen"]
[Black "Rukavina, Josip"]
[Result "0-1"]
[WhiteElo "1935"]
[BlackElo "2429"]
[PlyCount "44"]
[EventDate "2008.11.29"]
[EventType "swiss"]
[EventRounds "9"]
[EventCountry "CRO"]
[SourceTitle "CBM 127 Extra"]
[Source "ChessBase"]
[SourceDate "2009.01.08"]
[SourceVersion "2"]
[SourceVersionDate "2009.01.28"]
[SourceQuality "1"]

1. e4 d6 2. d4 g6 3. Nf3 Nf6 4. Nc3 Bg7 5. Be2 0-0 6. 0-0 c6 7. Nd2 b5 8. Bf3 Nbd7 9. e5 dxe5 10. Bxc6 Rb8 11. Nf3 b4 12. Ne4 exd4 13. Bf4 Rb6 14. Nxd4 e5 15. Nxf6+ Qxf6 16. Bxd7 Bxd7 17. Nf3 Rd6 18. Bxe5 Rxd1 19. Bxf6 Rxf1+ 20. Kxf1 Bxf6 21. Rd1 Bb5+ 22. Kg1 Bxb2 0-1